000 00735nam a2200253 a 4500
001 000008768
003 DO-SdBNP
005 20230201124903.0
007 ta
008 090915s198u dr 000 0 spa d
040 _aDO-SdBNP
_bspa
_cBNPHU
082 _a808.51
_bR696o
_222
100 1 _aRodríguez, Víctor Ml.
_922223
245 1 3 _aEl abc de la oratoria /
_cVíctor Ml. Rodríguez ; prólogo Nicolás Guevara.
250 _a3a. ed.
260 _aSanto Domingo. :
_bLa Filantropica
_fSerrallés
_c[198?].
300 _a84 p. :
_bil. ;
_c21 cm.
590 _aInventariado, 2023 / DG
650 4 _aOratoria
_91172
650 4 _aDiscursos
_96584
700 1 _aGuevara, Nicolás
_epról.
_922224
910 _aDG
942 _2ddc
_cLBS1
999 _c8537
_d8537